Statystyki dla Najpopularniejsze imiona dla psów

Kliknij tutaj aby rozwiązać quiz!

Ogólne statystyki

  • Ten quiz został rozwiązany 70 razy
  • Średni wynik to 2 z 16

Statystyki odpowiedzi

Imię% Poprawnych
Pimpek
41%
Rex
39%
Max
38%
Luna
33%
Fafik
20%
Gucio
5%
Laki
5%
Roxy
3%
Fifi
2%
Lola
2%
Riko
2%
Rufi
2%
Dabi
0%
Johnny
0%
Milo
0%
Papi
0%

Rozkład punktacji

Percentyl według liczby udzielonych odpowiedzi

Procent ludzi z każdym wynikiem

Twoja historia wyników

Nie rozwiązałeś tego quizu